[Event "Chess24 Banter QualC 2020"]
[Site "chess24.com INT"]
[Date "2020.09.06"]
[Round "1.2"]
[White "Gukesh, D"]
[Black "Robson, Ray"]
[Result "0-1"]
[WhiteTitle "GM"]
[BlackTitle "GM"]
[WhiteElo "2563"]
[BlackElo "2673"]
[WhiteFideId "46616543"]
[BlackFideId "2023970"]
[EventDate "2020.09.06"]

1. g3 d5 2. Bg2 c6 3. Nf3 Nf6 4. O-O g6 5. b3 Bg7 6. Bb2 O-O 7. c4 Bg4 8. d4
Nbd7 9. Nbd2 a5 10. a3 Qb6 11. h3 Bxf3 12. Bxf3 e6 13. e3 Rfe8 14. Bg2 Bf8 15.
Qc2 Rac8 16. Kh1 Qa6 17. Rfc1 Qb6 18. Bc3 Ra8 19. c5 Qc7 20. b4 axb4 21. axb4 e5
22. Qb2 exd4 23. Bxd4 Bg7 24. b5 Nh5 25. Bxg7 Nxg7 26. Nb3 Ne5 27. b6 Qe7 28.
Qc3 Nd7 29. Rxa8 Rxa8 30. Ra1 Rxa1+ 31. Qxa1 Ne6 32. Qa8+ Nd8 33. Qc8 Kf8 34.
Qc7 Nf6 35. Na5 Ne8 36. Qc8 Kg7 37. Kh2 h5 38. h4 Nf6 39. Bh3 Qxc5 40. Qxd8 Qxa5
41. Be6 Qd2 42. Kg1 Ne4 0-1

[Event "Chess24 Banter QualC 2020"]
[Site "chess24.com INT"]
[Date "2020.09.06"]
[Round "1.3"]
[White "Robson, Ray"]
[Black "Gukesh, D"]
[Result "1/2-1/2"]
[WhiteTitle "GM"]
[BlackTitle "GM"]
[WhiteElo "2673"]
[BlackElo "2563"]
[WhiteFideId "2023970"]
[BlackFideId "46616543"]
[EventDate "2020.09.06"]

1. e4 c6 2. d4 d5 3. e5 Bf5 4. Nf3 e6 5. Be2 c5 6. Be3 cxd4 7. Nxd4 Ne7 8. O-O
Nbc6 9. Bb5 a6 10. Bxc6+ bxc6 11. c4 Qd7 12. Nc3 dxc4 13. Nxf5 Qxd1 14. Nxg7+
Bxg7 15. Nxd1 Bxe5 16. Rc1 Nd5 17. Bc5 Kd7 18. Rxc4 Rhg8 19. b3 Rg7 20. Ne3 f5
21. Re1 Bf6 22. Bd4 Bxd4 23. Rxd4 Kc7 24. Nc4 Rag8 25. g3 Re8 26. Ne5 Kb6 27.
Rc4 c5 28. Rec1 Rc7 29. Rxc5 Rxc5 30. Nd7+ Kb5 31. Rxc5+ Kb4 32. Rc4+ Kb5 33.
Ne5 h5 34. Kg2 Ka5 35. h4 Kb6 36. Kf3 Kb7 37. b4 Kb6 38. a3 Kb5 39. Rc5+ Kb6 40.
Nc4+ Ka7 41. Ne5 Kb6 42. Ke2 Kb7 43. Nc4 Re7 44. Nd6+ Kb8 45. Rc6 Nc7 46. Rb6+
Ka8 47. Rc6 Rd7 48. Nc4 Kb7 49. Rb6+ Ka7 50. Rc6 Nb5 51. Ke3 Nd4 52. Rc5 Nc2+
53. Kf4 Rd3 54. Ne5 Rd2 55. f3 Nxa3 56. Rc7+ Kb6 57. Rc6+ Kb5 58. Rxe6 Rd4+ 59.
Kg5 Rxb4 60. Kxf5 a5 61. g4 hxg4 62. fxg4 Nc2 63. Re8 Ne3+ 64. Kg5 Re4 65. Rb8+
Ka4 66. Kf6 Nxg4+ 67. Nxg4 Rxg4 68. h5 Rh4 69. Kg6 Ka3 70. h6 a4 71. h7 Ka2 72.
h8=Q Rxh8 73. Rxh8 a3 74. Kf5 Kb2 75. Rh2+ Kb1 76. Ke4 a2 77. Kd3 a1=Q 78. Rh1+
Ka2 79. Rxa1+ Kxa1 1/2-1/2

[Event "Chess24 Banter QualC 2020"]
[Site "chess24.com INT"]
[Date "2020.09.06"]
[Round "1.4"]
[White "Gukesh, D"]
[Black "Robson, Ray"]
[Result "0-1"]
[WhiteTitle "GM"]
[BlackTitle "GM"]
[WhiteElo "2563"]
[BlackElo "2673"]
[WhiteFideId "46616543"]
[BlackFideId "2023970"]
[EventDate "2020.09.06"]

1. g3 d5 2. Bg2 Nf6 3. Nf3 g6 4. O-O Bg7 5. d4 O-O 6. c4 c6 7. Nbd2 a5 8. b3 Ne4
9. e3 Bf5 10. Bb2 a4 11. Qc1 Qa5 12. b4 Qb6 13. a3 Nd7 14. Nh4 Nxd2 15. Qxd2 Be6
16. c5 Qc7 17. Rfc1 Nf6 18. Qd3 Bd7 19. Bc3 Rfe8 20. Nf3 Ne4 21. Bb2 Bf5 22. Qe2
Bg4 23. h3 Bxf3 24. Bxf3 e5 25. dxe5 Bxe5 26. Bxe5 Qxe5 27. Qc2 h5 28. Bg2 Rad8
29. Rd1 Nc3 30. Re1 d4 31. exd4 Qxe1+ 32. Rxe1 Rxe1+ 33. Kh2 Nb5 34. d5 cxd5 35.
Qd3 Nc7 36. b5 Re7 37. b6 Ne6 38. Qb5 Rc8 39. Qxa4 Nxc5 40. Qb4 Rd7 41. a4 d4
42. h4 d3 43. Bh3 f5 44. Qd2 Ne4 45. Qa2+ Kg7 46. Qe6 Rcd8 47. Qe5+ Kf7 48. Bf1
Rd5 49. Qc7+ R8d7 50. Qc1 d2 51. Qb2 d1=Q 52. Bc4 Qd2 0-1

[Event "Chess24 Banter QualC 2020"]
[Site "chess24.com INT"]
[Date "2020.09.06"]
[Round "1.5"]
[White "Robson, Ray"]
[Black "Gukesh, D"]
[Result "1-0"]
[WhiteTitle "GM"]
[BlackTitle "GM"]
[WhiteElo "2673"]
[BlackElo "2563"]
[WhiteFideId "2023970"]
[BlackFideId "46616543"]
[EventDate "2020.09.06"]

1. e4 g6 2. d4 Bg7 3. Nc3 d6 4. f4 Nf6 5. Bd3 Nc6 6. Nf3 Bg4 7. Be3 e5 8. dxe5
dxe5 9. h3 exf4 10. Bxf4 Nh5 11. Be3 Bxf3 12. Qxf3 Ne5 13. Qd1 Qh4+ 14. Bf2 Qg5
15. Qd2 Nf4 16. Bb5+ c6 17. O-O-O cxb5 18. Be3 Bh6 19. Nd5 Nc4 20. Qb4 Ne2+ 21.
Kb1 Qe5 22. Qxb5+ Kf8 23. Bxh6+ 1-0

[Event "Chess24 Banter QualC 2020"]
[Site "chess24.com INT"]
[Date "2020.09.07"]
[Round "2.1"]
[Board "1"]
[White "Van Foreest, Jorden"]
[Black "Tari, Aryan"]
[Result "0-1"]
[WhiteTitle "GM"]
[BlackTitle "GM"]
[WhiteElo "2682"]
[BlackElo "2630"]
[WhiteFideId "1039784"]
[BlackFideId "1510045"]
[EventDate "2020.09.06"]

1. e4 e5 2. d3 Nf6 3. f4 exf4 4. Bxf4 Nc6 5. Be2 Bc5 6. Nf3 d6 7. Nc3 h6 8. Na4
O-O 9. Nxc5 dxc5 10. O-O Be6 11. b3 Nd4 12. Nxd4 Qxd4+ 13. Kh1 Rac8 14. Qe1 Kh7
15. Bd2 Nd7 16. Bc3 Qd6 17. a4 Rce8 18. Qh4 Ne5 19. Bh5 Ng6 20. Qf2 Bd7 21. Rae1
f5 22. e5 Qe6 23. Qxc5 Bc6 24. Kg1 Nh4 25. Bxe8 Rxe8 26. Re2 Qg6 27. g3 Nf3+ 28.
Rxf3 Bxf3 29. Re1 Bc6 30. Qd4 Qe6 31. Re2 Rf8 32. Kf1 f4 33. gxf4 Qg4 34. Ke1
Rxf4 35. Qe3 Rf3 36. Qd4 Rf4 37. Qe3 Bf3 38. Bd2 Rf5 39. Rf2 Qg1+ 40. Rf1 Qxh2
41. Rxf3 Rxe5 42. Rf2 Rxe3+ 43. Bxe3 Qe5 44. Kd2 a6 45. Rf7 Qa5+ 46. c3 Kg8 47.
Rd7 h5 48. Bd4 Qg5+ 49. Ke1 Qg3+ 50. Kd2 h4 51. Rxg7+ Qxg7 52. Bxg7 Kxg7 53. Ke3
Kf6 54. Kf4 h3 55. Kg3 Kf5 56. b4 h2 57. Kxh2 Kf4 58. b5 axb5 59. axb5 Ke3 60.
d4 Kd3 61. d5 b6 62. Kg3 Kxc3 63. Kf4 Kd4 0-1

[Event "Chess24 Banter QualC 2020"]
[Site "chess24.com INT"]
[Date "2020.09.07"]
[Round "2.2"]
[Board "1"]
[White "Tari, Aryan"]
[Black "Van Foreest, Jorden"]
[Result "1-0"]
[WhiteTitle "GM"]
[BlackTitle "GM"]
[WhiteElo "2630"]
[BlackElo "2682"]
[WhiteFideId "1510045"]
[BlackFideId "1039784"]
[EventDate "2020.09.06"]

1. e4 d5 2. exd5 Qxd5 3. Nc3 Qa5 4. d4 Nf6 5. Nf3 Bf5 6. Bc4 e6 7. Bd2 Nbd7 8.
Nd5 Qxd2+ 9. Qxd2 exd5 10. Bd3 Bxd3 11. Qxd3 Bd6 12. O-O-O O-O-O 13. Rhe1 Ne4
14. Re2 f5 15. Kb1 Rhe8 16. Nd2 Ndf6 17. f3 Nxd2+ 18. Rdxd2 g6 19. g3 c6 20.
Rxe8 Rxe8 21. Re2 Rf8 22. Re6 Kd7 23. Qe2 Ne4 24. fxe4 Kxe6 25. e5 Be7 26. c4
Rd8 27. c5 h5 28. Qe3 g5 29. b4 Rf8 30. Qf3 f4 31. g4 hxg4 32. Qxg4+ Rf5 33. Qf3
Rf8 34. Kc2 Rh8 35. Qg4+ Kf7 36. Qf5+ Kg7 37. h3 Rf8 38. Qd7 Kf7 39. Kd3 Rh8 40.
Ke2 Rh4 41. Kf3 a6 42. a4 Kf8 43. Qf5+ Kg7 44. Qe6 Kf8 45. Qd7 Kf7 46. b5 axb5
47. axb5 cxb5 48. Qxd5+ Kf8 49. Qxb7 Rxh3+ 50. Kg4 Rh4+ 51. Kf5 f3 52. Kg6 Rxd4
53. Qa8+ Bd8 54. Qxf3+ Rf4 55. Qd5 Ke8 56. c6 Bb6 57. Qd7+ Kf8 58. e6 1-0

[Event "Chess24 Banter QualC 2020"]
[Site "chess24.com INT"]
[Date "2020.09.07"]
[Round "2.3"]
[Board "1"]
[White "Van Foreest, Jorden"]
[Black "Tari, Aryan"]
[Result "1/2-1/2"]
[WhiteTitle "GM"]
[BlackTitle "GM"]
[WhiteElo "2682"]
[BlackElo "2630"]
[WhiteFideId "1039784"]
[BlackFideId "1510045"]
[EventDate "2020.09.06"]

1. e4 e5 2. d3 Nc6 3. a3 Bc5 4. b4 Bb6 5. c4 d6 6. Nc3 Nge7 7. Nf3 Bg4 8. Be2
Nd4 9. Be3 Bxf3 10. Bxf3 c6 11. O-O O-O 12. Bg4 a5 13. b5 d5 14. bxc6 bxc6 15.
cxd5 cxd5 16. Rb1 Rb8 17. Bg5 f6 18. Be3 Qd6 19. Qa4 Kh8 20. Kh1 h6 21. h3 f5
22. exf5 Nexf5 23. Bxf5 Nxf5 24. Bxb6 Rxb6 25. Qxa5 Rc6 26. Kg1 Rc5 27. Qb4 Nd4
28. Na4 Rc6 29. Qxd6 Rxd6 30. Rfe1 Ra8 31. Nb2 Rxa3 32. Nd1 Nc6 33. Rb6 Rxd3 34.
Ne3 Rf6 35. Ng4 Rg6 36. Rc1 h5 37. Ne3 Nd4 38. Rb8+ Kh7 39. Rcc8 Ra6 40. Kh2 Rd2
41. Nxd5 Rxf2 42. Rh8+ Kg6 43. Ne7+ Kg5 44. Kg3 Rf7 45. h4+ Kf6 46. Nd5+ Ke6 47.
Rbd8 Ra3+ 48. Kh2 Nc6 49. Rhe8+ Kf5 50. Rc8 Nd4 51. Rc1 Ke4 52. Nc3+ Kd3 53. Nd5
Ke4 54. Nb6 Rf5 55. Nc4 Ra2 56. Nd6+ Kf4 57. Rf1+ Kg4 58. Nxf5 Nxf5 59. Rxe5
Nxh4 60. Re4+ Kg5 61. Kh3 Ng6 62. g3 Ra3 63. Rb1 h4 64. Rb5+ Kh6 65. Rg4 Rxg3+
66. Rxg3 hxg3 67. Kxg3 Ne7 68. Kg4 g6 69. Rb1 Nf5 70. Rh1+ Kg7 71. Kg5 Nd6 72.
Kf4 Nf7 73. Rb1 Kf6 74. Rb6+ Kg7 75. Rc6 Kh7 76. Ke4 Kg7 77. Kd5 Ng5 78. Ra6 Nf7
79. Ke6 Ng5+ 80. Ke7 Nf3 81. Kd6 Ng5 82. Ra7+ Kf6 83. Ra1 Nf7+ 84. Kd5 Ng5 85.
Rg1 Nf7 86. Rf1+ Kg7 87. Ke6 Ng5+ 88. Ke7 Ne4 89. Rf7+ Kh6 90. Rf4 Ng3 91. Rg4
Nh5 92. Kf7 g5 93. Rg1 Nf4 94. Kf6 Nh5+ 95. Kf5 Ng7+ 96. Kg4 Kg6 97. Re1 Kf6 98.
Rf1+ Kg6 99. Ra1 Ne6 100. Ra5 Kf6 101. Rb5 Kg6 102. Re5 Kf6 103. Re4 Nf4 104.
Ra4 Ne6 105. Ra6 Ke5 106. Kh5 Kf5 107. Ra5+ Kf6 108. Ra8 Nf4+ 109. Kg4 Ne6 110.
Rh8 Kg6 111. Rh5 Kf6 112. Rh6+ Ke5 113. Rg6 Kd5 114. Kf5 Nd4+ 115. Kxg5 Ke4 116.
Rg8 Kd5 117. Kf6 Ke4 118. Rg4+ Kd5 119. Rh4 Nc6 120. Rh5+ Kd6 121. Kf5 Ne7+ 122.
Ke4 Nc6 123. Rg5 Ne7 124. Ra5 Nc6 125. Rd5+ Ke6 126. Rd1 Ne7 127. Ra1 Nc6 128.
Rg1 Kd6 129. Rg5 Ne7 130. Rh5 Nc6 131. Rh6+ Kc5 132. Re6 Nb4 133. Re5+ Kc4 134.
Rh5 Nc6 135. Rh1 Kc5 136. Rd1 Kc4 137. Rc1+ Kb5 138. Kd5 Nb4+ 139. Kd6 Na6 140.
Rc2 Nb4 141. Rc5+ Ka4 142. Rh5 Kb3 143. Kc5 Nd3+ 144. Kd4 Nb2 145. Rb5+ Kc2 146.
Rh5 Kb3 147. Rh2 Nc4 148. Rh3+ Kb4 149. Rh8 Nb6 150. Rh5 Nc4 151. Rc5 Nb2 152.
Rc8 Kb3 153. Rc7 Nd1 154. Rc1 Nb2 155. Rc3+ Kb4 156. Rc7 Kb3 157. Ke3 Nc4+ 158.
Kd3 Nb2+ 159. Kd4 Nd1 160. Rc8 Nb2 161. Rc1 Kb4 162. Rc3 Na4 163. Rh3 Nb2 164.
Rg3 Na4 165. Rg7 1/2-1/2

[Event "Chess24 Banter QualC 2020"]
[Site "chess24.com INT"]
[Date "2020.09.07"]
[Round "2.4"]
[Board "1"]
[White "Tari, Aryan"]
[Black "Van Foreest, Jorden"]
[Result "0-1"]
[WhiteTitle "GM"]
[BlackTitle "GM"]
[WhiteElo "2630"]
[BlackElo "2682"]
[WhiteFideId "1510045"]
[BlackFideId "1039784"]
[EventDate "2020.09.06"]

1. e4 c5 2. Nf3 d6 3. Bc4 Nf6 4. Qe2 Nc6 5. h3 e6 6. Bb3 Be7 7. c3 e5 8. O-O O-O
9. Rd1 Be6 10. d4 cxd4 11. cxd4 Bxb3 12. axb3 Nxd4 13. Nxd4 exd4 14. Rxd4 Qb6
15. Rd3 Rfe8 16. Re3 d5 17. exd5 Bc5 18. Nc3 Bxe3 19. Bxe3 Qxb3 20. Rd1 Rad8 21.
Qf3 b5 22. Bg5 Rd6 23. Bf4 Rd7 24. Bg5 Rd6 25. Bf4 Ra6 26. d6 b4 27. Nd5 Qxf3
28. Nxf6+ gxf6 29. gxf3 Rd8 30. Rd4 Rb6 31. Rd5 Kf8 32. Rc5 Rb7 33. b3 Ke8 34.
Rh5 a5 35. Rxa5 Kd7 36. Rh5 Rc8 37. Rxh7 Ke6 38. Kg2 Rc3 39. Rh8 Rxb3 40. Re8+
Kf5 41. Re7 Rb8 42. d7 Rg8+ 43. Bg3 Ra3 44. Re8 Ra8 45. Re4 Rab8 46. Kh2 Rbd8
47. Rxb4 Rxd7 48. Rb5+ Kg6 49. h4 Rh8 50. Kg2 Rh5 51. Rb4 Rf5 52. Rg4+ Kh7 53.
Re4 Rd3 54. Re2 Rdxf3 55. Re7 Kg6 56. Re8 Rb3 57. Rg8+ Kh7 58. Rf8 Rb7 59. Rd8
Rfb5 60. Rd4 Kg6 61. Rg4+ Kh6 62. Kh3 Rb4 63. Rg8 Kh7 64. Rd8 Kg7 65. Rd6 R4b6
66. Rd5 Rb1 67. Kg2 R1b5 68. Rd4 f5 69. Rd6 R7b6 70. Rd4 Rb4 71. Be5+ Kg6 72.
Rd7 Rxh4 73. Bg3 Rg4 74. Kh3 Rb3 75. Rd8 Re4 76. Rg8+ Kh7 77. Rf8 Kg7 78. Rd8 f4 0-1

[Event "Chess24 Banter QualC 2020"]
[Site "chess24.com INT"]
[Date "2020.09.07"]
[Round "2.5"]
[Board "1"]
[White "Van Foreest, Jorden"]
[Black "Tari, Aryan"]
[Result "1-0"]
[WhiteTitle "GM"]
[BlackTitle "GM"]
[WhiteElo "2682"]
[BlackElo "2630"]
[WhiteFideId "1039784"]
[BlackFideId "1510045"]
[EventDate "2020.09.06"]

1. e4 e5 2. d3 Nc6 3. a3 Bc5 4. b4 Bb6 5. c4 d6 6. Nc3 Nge7 7. Be3 Bxe3 8. fxe3
O-O 9. Nf3 f5 10. Be2 f4 11. exf4 Rxf4 12. Nd5 Nxd5 13. cxd5 Nd4 14. O-O Nxf3+
15. Rxf3 Rxf3 16. Bxf3 c6 17. dxc6 bxc6 18. Bg4 Bd7 19. Rc1 Kh8 20. h3 h6 21.
Bxd7 Qxd7 22. Qg4 Qxg4 23. hxg4 Rc8 24. Rc4 Kg8 25. Kf2 Kf7 26. b5 c5 27. Ra4
Rc7 28. Ra6 Ke6 29. a4 Rb7 30. Ke3 g6 31. Kd2 h5 32. g5 h4 33. Kc3 Rf7 34. a5
Rh7 35. Kc4 Rf7 36. Kb3 Rb7 37. Kc4 Rf7 38. b6 axb6 39. axb6 Rf2 40. Kb5 Rxg2
41. b7 Rb2+ 42. Kc6 h3 43. Rb6 h2 44. b8=Q Rxb6+ 45. Kxb6 h1=Q 46. Qe8# 1-0

[Event "Chess24 Banter QualC 2020"]
[Site "chess24.com INT"]
[Date "2020.09.07"]
[Round "2.6"]
[Board "1"]
[White "Tari, Aryan"]
[Black "Van Foreest, Jorden"]
[Result "1-0"]
[WhiteTitle "GM"]
[BlackTitle "GM"]
[WhiteElo "2630"]
[BlackElo "2682"]
[WhiteFideId "1510045"]
[BlackFideId "1039784"]
[EventDate "2020.09.06"]

1. e4 d5 2. exd5 Qxd5 3. Nc3 Qa5 4. d4 Nf6 5. Nf3 Bf5 6. Bc4 e6 7. Bd2 c6 8. O-O
Nbd7 9. h3 Qc7 10. Nh4 Bg6 11. Nxg6 hxg6 12. Qf3 Be7 13. Rab1 a5 14. a3 O-O 15.
b4 b5 16. Bd3 axb4 17. axb4 Nb6 18. Ra1 Nbd5 19. Nxd5 Nxd5 20. c3 Bd6 21. g3 Ra7
22. h4 Rfa8 23. Rxa7 Rxa7 24. h5 gxh5 25. Qxh5 Nf6 26. Qh4 Ra2 27. Bg5 Be7 28.
Kg2 Qd7 29. c4 bxc4 30. Bxc4 Rb2 31. Rh1 Kf8 32. d5 Rxb4 33. Qh8+ Ng8 34. Rh7
Bxg5 35. Qxg7+ Ke7 36. Qxg8 Kd6 37. Rxf7 Qd8 38. Rf8 Qe7 39. Re8 cxd5 40. Rxe7
Bxe7 41. Be2 Rb2 42. Bg4 1-0

[Event "Chess24 Banter QualC 2020"]
[Site "chess24.com INT"]
[Date "2020.09.07"]
[Round "2.7"]
[Board "1"]
[White "Van Foreest, Jorden"]
[Black "Tari, Aryan"]
[Result "0-1"]
[WhiteTitle "GM"]
[BlackTitle "GM"]
[WhiteElo "2682"]
[BlackElo "2630"]
[WhiteFideId "1039784"]
[BlackFideId "1510045"]
[EventDate "2020.09.06"]

1. e4 e5 2. d3 Nc6 3. Nc3 Bc5 4. Nf3 d6 5. Na4 Nge7 6. Be2 O-O 7. O-O a5 8. Nxc5
dxc5 9. a4 b6 10. b3 Qd6 11. Kh1 f6 12. Ng1 Be6 13. f4 exf4 14. Bxf4 Qd7 15. Nf3
Ng6 16. Bg3 Nge5 17. Qd2 Nxf3 18. gxf3 f5 19. Rg1 Kh8 20. Raf1 Nd4 21. Be5 Rf7
22. f4 Nc6 23. Bc3 Nd4 24. Bh5 Rf6 25. Qg2 Rg8 26. Rf2 Qc6 27. Bxd4 cxd4 28. Bf3
fxe4 29. Bxe4 Qd7 30. Qg5 Bf5 31. Rfg2 Qe6 32. Re1 Qf7 33. Bf3 Rf8 34. Bd5 Qd7
35. Re5 Bg6 36. Rf2 Rf5 0-1

[Event "Chess24 Banter QualC 2020"]
[Site "chess24.com INT"]
[Date "2020.09.07"]
[Round "2.1"]
[Board "2"]
[White "Robson, Ray"]
[Black "Mamedov, Rauf"]
[Result "1/2-1/2"]
[WhiteTitle "GM"]
[BlackTitle "GM"]
[WhiteElo "2673"]
[BlackElo "2654"]
[WhiteFideId "2023970"]
[BlackFideId "13401653"]
[EventDate "2020.09.06"]

1. e4 e5 2. Nf3 d6 3. d4 exd4 4. Nxd4 Nf6 5. Nc3 a6 6. Be3 Be7 7. Qd2 c5 8. Nb3
Nc6 9. a4 Be6 10. Be2 O-O 11. O-O Re8 12. Rfd1 Bf8 13. Bg5 h6 14. Be3 Qc7 15.
Nd5 Bxd5 16. exd5 Ne5 17. h3 Ne4 18. Qe1 g6 19. f3 Nf6 20. Qd2 Kh7 21. c4 Bg7
22. Bf1 Re7 23. Re1 Rae8 24. Bxc5 Nxf3+ 25. gxf3 Rxe1 26. Rxe1 Rxe1 27. Qxe1
dxc5 28. Qf2 Nd7 29. f4 Qb6 30. Qf3 f5 31. h4 h5 32. Qe3 Nf6 33. Be2 Ne4 34. Kg2
Bxb2 35. Bf3 Bd4 36. Qd3 Nd6 37. a5 Qb4 38. Nxd4 cxd4 39. Qxd4 Qxc4 40. Qb6 Qc2+
41. Kg3 Ne4+ 42. Bxe4 fxe4 43. Qxb7+ Kh6 44. Qf7 Qd3+ 45. Kg2 Qf3+ 46. Kg1 Qd1+
47. Kg2 Qe2+ 48. Kg1 Qg4+ 49. Kf1 Qh3+ 50. Kg1 Qe3+ 51. Kg2 Qd2+ 52. Kg1 Qe1+
53. Kg2 Qe2+ 54. Kg1 Qe1+ 55. Kg2 Qe2+ 1/2-1/2

[Event "Chess24 Banter QualC 2020"]
[Site "chess24.com INT"]
[Date "2020.09.07"]
[Round "2.2"]
[Board "2"]
[White "Mamedov, Rauf"]
[Black "Robson, Ray"]
[Result "1-0"]
[WhiteTitle "GM"]
[BlackTitle "GM"]
[WhiteElo "2654"]
[BlackElo "2673"]
[WhiteFideId "13401653"]
[BlackFideId "2023970"]
[EventDate "2020.09.06"]

1. e4 e5 2. Nf3 Nc6 3. Bb5 Nf6 4. Qe2 a6 5. Ba4 Bc5 6. O-O O-O 7. c3 d6 8. Rd1
b5 9. Bb3 Re8 10. d3 h6 11. Nbd2 Be6 12. Nf1 Bxb3 13. axb3 d5 14. b4 Bb6 15. Ng3
Qd7 16. Be3 d4 17. Bd2 a5 18. bxa5 Bxa5 19. cxd4 Bxd2 20. Rxa8 Rxa8 21. d5 Bf4
22. dxc6 Qxc6 23. Nf5 Qe6 24. g3 g6 25. gxf4 gxf5 26. Nxe5 fxe4 27. dxe4 Qh3 28.
Kh1 Kh7 29. Rg1 Rg8 30. Rxg8 Kxg8 31. Qxb5 Qh5 32. Qd3 Kh7 33. Kg2 Ng4 34. Nxg4
Qxg4+ 35. Qg3 Qe2 36. e5 Qxb2 37. Qd3+ Kg7 38. Qd7 Qc3 39. e6 Qf6 40. e7 Qg6+
41. Kf3 1-0

[Event "Chess24 Banter QualC 2020"]
[Site "chess24.com INT"]
[Date "2020.09.07"]
[Round "2.3"]
[Board "2"]
[White "Robson, Ray"]
[Black "Mamedov, Rauf"]
[Result "1-0"]
[WhiteTitle "GM"]
[BlackTitle "GM"]
[WhiteElo "2673"]
[BlackElo "2654"]
[WhiteFideId "2023970"]
[BlackFideId "13401653"]
[EventDate "2020.09.06"]

1. e4 e5 2. Nf3 d6 3. d4 exd4 4. Nxd4 Nf6 5. Nc3 a6 6. g3 g6 7. Bg2 Bg7 8. O-O
O-O 9. h3 Nbd7 10. Re1 Re8 11. b3 Rb8 12. Bb2 Qe7 13. Qd2 c5 14. Nde2 b5 15. Nf4
Bb7 16. a3 Nb6 17. Rad1 Rbd8 18. Ncd5 Bxd5 19. exd5 Qa7 20. g4 Ne4 21. Rxe4 Bxb2
22. c3 Bxa3 23. Nh5 Rxe4 24. Bxe4 Qe7 25. Qh6 Qe5 26. g5 Nd7 27. Re1 Bb2 28. Re3
Qh8 29. Nf4 Bxc3 30. Qh4 Bd4 31. Re2 Re8 32. Qg3 Be5 33. Qg4 Bxf4 34. Qxd7 Qe5
35. Bxg6 hxg6 36. Qxe8+ Qxe8 37. Rxe8+ Kg7 38. Ra8 Bxg5 39. Rxa6 Bf4 40. Kg2 Kf6
41. Ra7 c4 42. bxc4 bxc4 43. Rc7 Ke5 44. Rxc4 f5 45. h4 Bd2 46. Rc8 Kf6 47. Re8
Kf7 48. Re6 Bf4 49. Kf3 Be5 50. Ke3 Bh2 51. Ke2 Bf4 52. Kf3 Bh2 53. Ke3 Kg7 54.
f4 Bg1+ 55. Kf3 Bc5 56. Re7+ Kh6 57. Re8 Bd4 58. Kg3 Bc5 59. Rc8 Bb4 60. Rc4 Ba3
61. Ra4 Bc5 62. Ra5 Bb4 63. Ra8 Bc5 64. Kf3 Bd4 65. Rd8 Bc5 66. Rg8 Kh7 67. Rf8
Kh6 68. Ke2 Kh5 69. Rg8 Ba3 70. Ke3 Kh6 71. Rh8+ Kg7 72. Rd8 Kh6 73. Kd4 Kh5 74.
Rh8+ Kg4 75. Rg8 Kh5 76. Rh8+ Kg4 77. Rh6 Bc5+ 78. Kd3 Bb4 79. Rxg6+ Kxh4 80.
Rg5 1-0

[Event "Chess24 Banter QualC 2020"]
[Site "chess24.com INT"]
[Date "2020.09.07"]
[Round "2.4"]
[Board "2"]
[White "Mamedov, Rauf"]
[Black "Robson, Ray"]
[Result "1-0"]
[WhiteTitle "GM"]
[BlackTitle "GM"]
[WhiteElo "2654"]
[BlackElo "2673"]
[WhiteFideId "13401653"]
[BlackFideId "2023970"]
[EventDate "2020.09.06"]

1. e4 e5 2. Nf3 Nc6 3. Bb5 a6 4. Ba4 Nf6 5. Nc3 b5 6. Bb3 Bc5 7. d3 d6 8. Nd5 h6
9. c3 Rb8 10. d4 Ba7 11. Be3 O-O 12. dxe5 dxe5 13. Nxe5 Nxe5 14. Bxa7 Bg4 15. f3
Nxd5 16. Qxd5 Qh4+ 17. Bf2 Qg5 18. Qd2 Qg6 19. Qe2 Be6 20. Bg3 Nc4 21. O-O Rbd8
22. Rad1 c6 23. Rd4 Qg5 24. f4 Qc5 25. Bf2 Qe7 26. f5 Bxf5 27. Bxc4 bxc4 28.
Rxc4 Qe6 29. h3 Rfe8 30. Bh4 g5 31. Qf2 Bg6 32. Bxg5 hxg5 33. Rc5 g4 34. h4 1-0

[Event "Chess24 Banter QualC 2020"]
[Site "chess24.com INT"]
[Date "2020.09.07"]
[Round "2.5"]
[Board "2"]
[White "Robson, Ray"]
[Black "Mamedov, Rauf"]
[Result "0-1"]
[WhiteTitle "GM"]
[BlackTitle "GM"]
[WhiteElo "2673"]
[BlackElo "2654"]
[WhiteFideId "2023970"]
[BlackFideId "13401653"]
[EventDate "2020.09.06"]

1. e4 e5 2. Nf3 d6 3. d4 exd4 4. Nxd4 Nf6 5. Nc3 a6 6. g3 g6 7. Bg2 Bg7 8. O-O
O-O 9. h3 Re8 10. Re1 Bd7 11. a4 Nc6 12. Nb3 Rb8 13. Bg5 h6 14. Bf4 Ne5 15. Nd4
b5 16. axb5 axb5 17. b3 b4 18. Nd5 c5 19. Ne2 Bc6 20. Ra2 Nxd5 21. exd5 Bb5 22.
Qd2 Kh7 23. Kh2 Ra8 24. Rxa8 Qxa8 25. c4 Bd7 26. Nc1 Qa3 27. Re2 Qa1 28. g4 f5
29. gxf5 Bxf5 30. Bg3 Ra8 31. f4 Nd7 32. Nd3 Qc3 33. Qxc3 bxc3 34. Ne1 Ra1 35.
Be4 Bxe4 36. Rxe4 Ra2+ 37. Kg1 c2 38. Nd3 Ra3 39. Re7 Rxb3 40. Nc1 Rxg3+ 41. Kf2
Rxh3 42. Rxd7 Rh1 43. Nd3 c1=Q 44. Nxc1 Rxc1 45. Rxd6 Rxc4 46. Kf3 h5 47. Rd7
Kh6 48. Rd6 Rc3+ 49. Ke4 Kh7 50. Rd7 Rc4+ 51. Kf3 Rd4 52. d6 c4 53. Ke3 Rd1 54.
Ke2 Rd5 55. Ke3 c3 56. Rd8 c2 57. Rc8 Rxd6 0-1

[Event "Chess24 Banter QualC 2020"]
[Site "chess24.com INT"]
[Date "2020.09.07"]
[Round "2.6"]
[Board "2"]
[White "Mamedov, Rauf"]
[Black "Robson, Ray"]
[Result "0-1"]
[WhiteTitle "GM"]
[BlackTitle "GM"]
[WhiteElo "2654"]
[BlackElo "2673"]
[WhiteFideId "13401653"]
[BlackFideId "2023970"]
[EventDate "2020.09.06"]

1. e4 c5 2. c3 d5 3. exd5 Qxd5 4. d4 Nf6 5. Nf3 g6 6. Na3 Bg7 7. Bc4 Qe4+ 8. Be3
O-O 9. Bd3 Qc6 10. h3 Rd8 11. O-O cxd4 12. Bxd4 Nbd7 13. Re1 e6 14. Nc4 b6 15.
Nce5 Nxe5 16. Nxe5 Qc7 17. Be2 Bb7 18. Bf3 Nd5 19. Qc1 h5 20. Qg5 Rac8 21. Bxh5
gxh5 22. Nd7 f6 23. Nxf6+ Nxf6 24. Bxf6 Rd5 25. Qg6 Qf7 26. Qxg7+ Qxg7 27. Bxg7
Kxg7 28. Rxe6 Rc7 29. Rae1 Rdd7 30. R1e5 Bd5 31. Rg5+ Kf7 32. Rh6 Be4 33. f3 Bb1
34. a3 Rd2 35. Rgxh5 Ke7 36. Re5+ Kd7 37. Rb5 Kc8 38. Rh8+ Kb7 39. Rg8 Re7 40.
Rb4 Ba2 41. Rg5 Kc7 42. Kh2 a5 43. Rf4 Rxb2 44. h4 Rb3 45. h5 Rxa3 46. h6 Rxc3
47. Rh4 Rh7 48. f4 Rc6 49. Rgh5 a4 50. f5 Bb3 51. Rh3 Rc2 52. Rg5 Kc6 53. f6 Rf2
54. Rg7 Rh8 55. Rg6 Bf7 56. Rg4 b5 57. h7 Rxf6 58. Rg7 Bd5 59. g4 Rf7 60. Rg6+
Kc5 61. Rgh6 b4 62. g5 Be4 63. R3h5 Rg7 64. g6+ Kd4 65. Rh4 a3 66. R6h5 Rxg6 67.
Rb5 Kc4 68. Re5 Rg2+ 69. Kh3 Re2 70. Rexe4+ Rxe4 71. Rxe4+ Kb3 0-1

[Event "Chess24 Banter QualC 2020"]
[Site "chess24.com INT"]
[Date "2020.09.07"]
[Round "2.7"]
[Board "2"]
[White "Robson, Ray"]
[Black "Mamedov, Rauf"]
[Result "0-1"]
[WhiteTitle "GM"]
[BlackTitle "GM"]
[WhiteElo "2673"]
[BlackElo "2654"]
[WhiteFideId "2023970"]
[BlackFideId "13401653"]
[EventDate "2020.09.06"]

1. e4 e5 2. d4 exd4 3. Nf3 d6 4. Nxd4 Nf6 5. Nc3 a6 6. f4 g6 7. e5 dxe5 8. fxe5
Nh5 9. Be3 Bg7 10. g4 Qh4+ 11. Bf2 Qxg4 12. Be2 Qf4 13. Nd5 Qxe5 14. Nf3 Qd6 15.
Qd2 Be6 16. O-O-O Qxd5 17. Qxd5 Bxd5 18. Rxd5 O-O 19. Bc4 Nf6 20. Rdd1 Nc6 21.
Bg3 Ne4 22. Rhe1 Nxg3 23. hxg3 Rad8 24. Bd5 Rd6 25. c3 Rfd8 26. Bxc6 Rxd1+ 27.
Rxd1 Rxd1+ 28. Kxd1 bxc6 29. Ke2 h5 30. Ne1 Be5 31. Kf3 Kf8 32. Nc2 c5 33. Ne3
Ke7 34. a4 f5 35. Nc4 Ke6 36. Ne3 g5 0-1